El club de los siete secretos / (Registro nro. 11621)

Detalles MARC
000 -LIDER
fixed length control field 00921nam a22002897a 4500
001 - NÚMERO DE CONTROL
Identificador de número de control 000576
003 - IDENTIFICACDOR DE NÚMERO DE CONTROL
control field DO-SdBNP
005 - DATE AND TIME OF LATEST TRANSACTION
control field 20231004095459.0
007 - CAMPOS FIJOS DE DESCRIPCIÓN FÍSICA
fixed length control field 000576
008 - ELEMENTOS DE LONGITUD FIJA
fixed length control field 161020b 2008 sp a ||||| |||| 00| 0 spa d
020 ## - ISBN
International Standard Book Number 9788426109248
040 ## - FUENTE DE CATALOGACIÓN
Agencia que crea de manera original el registro BPMSU
Idioma de catalogación spa
Agencia que realiza la transcripción BPMSU
082 #4 - NÚMERO DE CLASIFICACIÓN DECIMAL DE DEWEY
Classification number 823.8
Item number B661c 2008
Edition number 22
100 1# - ASIENTO PRINCIPAL -- NOMBRE PERSONAL
Nombre personal Blyton, Enid,
Fechas asociadas con el nombre 1897-1968.
245 10 - MENCIÓN DE TITULO
Título El club de los siete secretos /
Mención de responsabilidad Enid Blyton ; traducción de Federico Ulsamer ; ilustraciones, Burguess Sharroks.
260 ## - PUBLICACIÓN, DISTRIBUCIÓN, ETC. (PIE DE IMPRENTA)
Lugar de publicación, distribución, etc Barcelona :
Nombre del editor, distribuidor, etc. Juventud,
Fecha de publicación, distribución, etc 2008.
300 ## - DESCRIPCIÓN FÍSICA
Extensión 111 p. :
Otros detalles físicos il. ;
Dimensiones 20 cm.
490 0# - MENCIÓN DE SERIES
Mención de serie Siete secretos,
Volume/sequential designation 1
500 ## - NOTA GENERAL
Nota general
534 ## - NOTA SOBRE LA VERSIÓN ORIGINAL
Asiento principal del original Tìtulo original :
Mención del título original The Secret Seven.
590 ## - NOTA LOCAL
Texto de la nota local Inventariado, 2023/VM
650 #4 - ENCABEZAMIENTO DE MATERIA--TEMÁTICO
Término temático o nombre geográfico como elemento de entrada Cuentos infantiles ingleses
700 1# - ASIENTO SECUNDARIO -- NOMBRE PERSONAL
Nombre personal Ulsamer, Federico,
Mención de responsabilidad tr.
700 12 - ASIENTO SECUNDARIO -- NOMBRE PERSONAL
Nombre personal Sharroks, Burguess,
Mención de responsabilidad il.
910 ## - VALIDACIÓN
Validación VMateo V. Control de calidad. BPMSU
942 ## - ADDED ENTRY ELEMENTS (KOHA)
Source of classification or shelving scheme Dewey Decimal Classification
Koha item type Libros
Existencias
Withdrawn status Lost status Source of classification or shelving scheme Damaged status Not for loan Collection code Home library Current library Date acquired Source of acquisition Total Checkouts Full call number Barcode Date last seen Price effective from Koha item type Copy number
    Dewey Decimal Classification     Colección Infantil General Biblioteca Pública Metropolitana Salomé Ureña Biblioteca Pública Metropolitana Salomé Ureña 10/20/2016   BPMSU CGI 823.8 B661c 2008 BPMSU16100288 10/20/2016 10/20/2016 Libros  
    Dewey Decimal Classification     Colección Infantil General Biblioteca Pública Metropolitana Salomé Ureña Biblioteca Pública Metropolitana Salomé Ureña 10/20/2016   BPMSU CGI 823.8 B661c 2008 BPMSU16100289 10/20/2016 10/20/2016 Libros e.2